| 000 | 00962nam a2200313 i 4500 | ||
|---|---|---|---|
| 003 | EG-GICUC | ||
| 005 | 20260408125200.0 | ||
| 008 | 260408s2003 fr ||||fr|||| 00| 0 fre d | ||
| 020 | _a2842005309 | ||
| 040 |
_aEG-GiCUC _bfre _cEG-GiCUC _dEG-GiCUC _eRda |
||
| 082 | 0 | 4 |
_221 _a341.040 _bFA . D |
| 092 | 0 | 4 | _221 |
| 099 | _aLaw1 11 341.040 FA . D 2003 | ||
| 100 | 1 |
_aFavret, Jean-marc _eAuteur |
|
| 245 | 1 | 0 |
_aDroit Et Pratique De L'union Européenne / _cJean-marc Favret. |
| 250 | _a4ª Édition | ||
| 264 | 1 |
_aParis : _bGualino Éditeur, _c2003. |
|
| 300 |
_a650page : _billustration ; _c 24 cm. |
||
| 336 |
_2rda contenu _a texte |
||
| 337 |
_2rda medias _aOrdinateur |
||
| 338 |
_2 transporteur rda _a Ressource en ligne |
||
| 504 | _a | ||
| 546 | _aTexte en français | ||
| 650 | 1 | 4 |
_aDroit international public _2 |
| 651 | 1 | _2 | |
| 856 | 4 | 0 | _uhttps://fll.law.cu.edu.eg/fulltext/bks/B11-05049.pdf |
| 905 | _a50 | ||
| 942 |
_2ddc _cBK _e21 _n0 |
||
| 999 |
_c69707 _d69707 |
||